|
|
|
|
| LEADER |
00000nab a2200000 a 4500 |
| 001 |
vtls000248256 |
| 003 |
SK-MaSNL |
| 005 |
20260304235751.0 |
| 008 |
250422c1986 xo 0 slo |
| 015 |
|
|
|a SNBRB19rr/mm-uuuuu
|
| 035 |
|
|
|a CL0258370
|
| 035 |
|
|
|a urn:nbn:sk:snk-abbfrc
|
| 035 |
|
|
|a (urnnbn)urn:nbn:sk:snk:ar-a09slz
|
| 035 |
|
|
|a (uuid)c5076979-4359-42a3-af3e-cd0893365af9
|
| 040 |
|
|
|a SNKBUCL
|b slo
|c SNKBUCL
|e AACR2
|
| 041 |
0 |
|
|a cze
|
| 044 |
|
|
|a xo
|c SK
|
| 080 |
|
|
|a 621.01:519.6
|2 1981
|
| 080 |
|
|
|a 519.6
|2 1981
|
| 100 |
1 |
|
|a Dohnal, Mirko,
|d 1943-
|4 aut
|9 131399
|
| 245 |
1 |
0 |
|a Fuzzy modely ve strojníctví
|c Mirko Dohnal
|
| 300 |
|
|
|b Graf 1. Res. rus., angl., lit. 37 zázn. v češ., ruš., nem., angl.
|
| 650 |
0 |
7 |
|a strojárstvo
|2 snkbucl
|9 674
|
| 650 |
0 |
7 |
|a matematika fuzzy
|2 snkbucl
|9 1573639
|
| 650 |
0 |
7 |
|a modely fuzzy
|2 snkbucl
|9 972174
|
| 655 |
|
7 |
|a články z novín a časopisov
|2 snkbucl
|9 267496
|
| 773 |
0 |
|
|t Strojnícky časopis
|g Roč. 37, č. 1 (1986), s. 29-41
|
| 850 |
|
|
|a Slovenská národná knižnica
|
| 852 |
|
|
|a Slovenská národná knižnica
|
| 958 |
|
|
|a article15
|
| 958 |
|
|
|a NB
|
| 958 |
|
|
|a RK
|
| 958 |
|
|
|a CZ
|
| 958 |
|
|
|a OND
|
| 958 |
|
|
|a EUIPO
|
| 992 |
|
|
|a RBX
|
| 999 |
|
|
|c 3210413
|d 3212343
|